000
00365nam a2200133Ia 4500
008
151001s9999||||xx |||||||||||||| ||und||
100
_a
नीलमणी शर्मा
245
_a
आर्य भारत का संघर्ष
250
_a
1
260
_b
संजीव प्रकाशन
260
_c
2010
300
_a
302
365
_b
21
999
_c
1000559
_d
1000556